'80s Box Office Hits by Year Quiz Stats

 Plays Quiz Updated Nov 12, 2017

Challenge
Share
Tweet
Embed
Score 0/50 Timer 08:00
2 Plays Today
Year Movie Title % Correct
1985Back to the Future
89.7%
1980The Empire Strikes Back
83.2%
1984Ghostbusters
82.3%
1982Rocky III
81.7%
1986Top Gun
81.3%
1983Return of the Jedi
79.8%
1985Rocky IV
76.9%
1989Back to the Future, Part II
76.8%
1984The Karate Kid
76.3%
1988Rain Man
75%
1988Twins
72%
1984Beverly Hills Cop
70.7%
1981Superman II
69.9%
1986The Karate Kid, Part II
69.9%
1989Batman
68.5%
1981Raiders of the Lost Ark
67.9%
1984Indiana Jones and the Temple of Doom
66.6%
1986'Crocodile' Dundee
66%
1985Rambo: First Blood Part II
64.9%
1987Beverly Hills Cop II
63.3%
1987Three Men and a Baby
61.2%
1989Lethal Weapon 2
60.7%
1988'Crocodile' Dundee II
57.6%
1983Trading Places
57.3%
1983Superman III
56.8%
Year Movie Title % Correct
1988Coming to America
56.8%
1981Arthur
56.4%
1982An Officer and a Gentleman
55.9%
1989Indiana Jones and the Last Crusade
54.2%
1987Fatal Attraction
54.1%
1981On Golden Pond
53.6%
1989Honey, I Shrunk the Kids
51%
1986Star Trek IV: The Voyage Home
47.3%
1982Tootsie
46.9%
19809 To 5
45%
1981Stripes
44.5%
1987Good Morning, Vietnam
44%
1986Platoon
41.3%
1980Airplane!
39.1%
1982E.T. The Extraterrestrial
38.2%
1983Terms of Endearment
36.5%
1985The Color Purple
36.4%
1988Who Framed Roger Rabbit
35.6%
1987The Untouchables
35.3%
1985Out of Africa
33.3%
1983Wargames
32.4%
1984Gremlins
25.4%
1980Stir Crazy
22.5%
1982Porky's
15.2%
1980Any Which Way You Can
13.9%

You're not logged in!

Compare scores with friends on all Sporcle quizzes.
Join for Free
OR
Log In

You Might Also Like...

Show Comments

Extras

Top Quizzes Today


Score Distribution

Your Account Isn't Verified!

In order to create a playlist on Sporcle, you need to verify the email address you used during registration. Go to your Sporcle Settings to finish the process.

Report this User

Report this user for behavior that violates our Community Guidelines.

Details: